| LEADER 00000nam 2200000uu 4500 |
| 001 209592 |
| 003 ULIBM |
| 008 140408s||||||||th 000 0 tha d |
| 020 ^a9786161202415 (ล.8)
|
| 040 ^abcnkk
|
| 050 4 ^aT173.8^bส766 ล.8 2555
|
| 245 00 ^aสุดยอดนวัตกรรมไทย /^cสำนักงานนวัตกรรมแห่งชาติกระทรวงวิทยาศาสตร์และเทคโนโลยี
|
| 246 13 ^aสุดยอดนวัตกรรมไทย.^nเล่ม 8
|
| 250 ^aพิมพ์ครั้งที่ 1
|
| 260 ^aกรุงเทพฯ :^bสำนักงาน,^c2548-2555
|
| 300 ^a เล่ม :^bภาพประกอบ
|
| 650 0 ^aนวัตกรรมทางเทคโนโลยี^zไทย
|
| 650 7 ^aนวัตกรรมทางเทคโนโลยี^xรางวัล^zไทย
|
| 650 7 ^aสิ่งประดิษฐ์^zไทย
|
| 650 7 ^aนวัตกรรมทางธุรกิจ
|
| 650 7 ^aนวัตกรรมทางการเกษตร^zไทย
|
| 650 7 ^aนวัตกรรมทางการแพทย์^zไทย
|
| 650 7 ^aพลังงาน^zไทย^xนวัตกรรมทางเทคโนโลยี
|
| 650 7 ^aสิ่งแวดล้อม^xนวัตกรรมทางเทคโนโลยี
|
| 650 7 ^aชื่อตราผลิตภัณฑ์^xการออกแบบ^xนวัตกรรมทางเทคโนโลยี^zไทย
|
| 650 7 ^aนวัตกรรมทางเทคโนโลยี^xรางวัล^zไทย
|
| 650 7 ^aสิ่งประดิษฐ์^zไทย
|
| 710 2 ^aสำนักงานนวัตกรรมแห่งชาติ
|
| 850 ^aล.8-C
|